[Event "AUTO-INT-513"]
[Site "http://www.queenalice.com/game.php?id=233927"]
[Date "2007.7.3"]
[Round "1"]
[White "knightsdefence"]
[Black "augustolenzuen"]
[Result "0-1"]
[WhiteElo "1359"]
[BlackElo "1608"]

1. f4 e6 2. d4 d5 3. c3 Nc6 4. g3 Nf6 5. b3 Bd6 6. e3 O-O 7. Ba3 Bxa3 8. Nxa3
Ne4 9. Nb1 a5 10. a4 Ne7 11. Qc2 Nf5 12. Ke2 Qf6 13. Nd2 Nxd2 14. Qxd2 Bd7 15.
Nf3 b5 16. Ne5 Rad8 17. Nxd7 Rxd7 18. axb5 Ra8 19. b4 a4 20. Ra3 Rd6 21. Kf2 h6
22. Qc2 Rb6 23. Rxa4 Rxa4 24. Qxa4 g5 25. Bd3 gxf4 26. gxf4 Qh4+ 27. Ke2 Ng3+
28. Kd2 Nxh1 29. Qa8+ Kg7 30. Qa7 Qd8 31. c4 Qb8 32. Qxb8 Rxb8 33. c5 Nf2 34.
Be2 Ne4+ 35. Kc2 Ra8 36. Kb2 Ra4 37. Kb3 Ra8 38. Bf3 Nd2+ 39. Kc3 Nxf3 40. h3 h5
41. Kd3 Ng1 42. e4 Nxh3 43. exd5 exd5 44. Ke3 Ra3+ 45. Ke2 Nxf4+ 0-1

[Event "AUTO-INT-513"]
[Site "http://www.queenalice.com/game.php?id=233928"]
[Date "2007.7.3"]
[Round "1"]
[White "augustolenzuen"]
[Black "knightsdefence"]
[Result "1-0"]
[WhiteElo "1610"]
[BlackElo "1355"]

1. e4 c5 2. Bc4 e5 3. Nf3 f6 4. Bxg8 Rxg8 5. Nc3 b6 6. O-O d6 7. d3 Bg4 8. Bd2
Bxf3 9. Qxf3 Nc6 10. Qh5+ g6 11. Qxh7 Nd4 12. Qxg8 Nxc2 13. Qxg6+ Kd7 14. Qf7+
Qe7 15. Qd5 Rc8 16. Rac1 Nd4 17. Qb7+ Kd8 18. Qxe7+ Bxe7 19. Be3 Nc6 20. Nd5 a5
21. Nxb6 Rc7 22. Rc4 Rb7 23. Nd5 Rxb2 24. a4 Rb3 25. Nxe7 Nxe7 26. h4 Rxd3 27.
h5 Rb3 28. h6 Rb8 29. h7 Kd7 30. Rcc1 Rb4 31. h8=Q 1-0

[Event "AUTO-INT-513"]
[Site "http://www.queenalice.com/game.php?id=233943"]
[Date "2007.7.3"]
[Round "1"]
[White "Agronopoulus"]
[Black "augustolenzuen"]
[Result "1-0"]
[WhiteElo "1690"]
[BlackElo "1621"]

1. e4 e5 2. Nf3 Nc6 3. Bb5 a6 4. Bxc6 bxc6 5. O-O d6 6. d4 Bg4 7. dxe5 dxe5 8.
Qxd8+ Rxd8 9. Nxe5 Bd7 10. Rd1 Bd6 11. Nxd7 Rxd7 12. Nc3 Nf6 13. f3 Bc5+ 14. Kf1
Rxd1+ 15. Nxd1 O-O 16. Bf4 Bd4 17. c3 Bc5 18. Bxc7 Rc8 19. Bf4 h6 20. Ke2 Nh5
21. Be3 Bxe3 22. Nxe3 Nf4+ 23. Kf1 Rd8 24. Rd1 Re8 25. Rd6 Rc8 26. Nc4 g6 27.
Ne5 Re8 28. Nxc6 f5 29. g3 Nh3 30. Rxg6+ Kf7 31. exf5 h5 32. Nb4 a5 33. Nc6 a4
34. Nd4 Re3 35. Ra6 Ng5 36. Kf2 1-0

[Event "AUTO-INT-513"]
[Site "http://www.queenalice.com/game.php?id=233944"]
[Date "2007.7.3"]
[Round "1"]
[White "augustolenzuen"]
[Black "Agronopoulus"]
[Result "0-1"]
[WhiteElo "1616"]
[BlackElo "1716"]

1. d4 d5 2. Bf4 g6 3. Be5 Nf6 4. Bxf6 exf6 5. Nf3 Bg7 6. e3 O-O 7. c4 b6 8. Nc3
dxc4 9. Bxc4 Bb7 10. O-O Nd7 11. d5 Ne5 12. Nxe5 fxe5 13. e4 Qe7 14. Qb3 Rad8
15. Nb5 a6 16. Nc3 b5 17. Bd3 c6 18. Rad1 Qc5 19. a4 cxd5 20. exd5 Bxd5 21. Nxd5
Qxd5 22. Qc2 bxa4 23. Bxa6 Qb3 24. Qe2 Rxd1 25. Rxd1 e4 26. Bc4 Qxb2 27. Qxe4 a3
28. Rb1 Qd4 29. Qxd4 Bxd4 30. Rb4 Ra8 31. Ba2 Bb2 32. h3 Ra7 33. Rb8+ Kg7 34. g4
Rc7 35. f3 Rc1+ 36. Kg2 Rc2+ 37. Kg3 Be5+ 38. f4 Bxb8 0-1

[Event "AUTO-INT-513"]
[Site "http://www.queenalice.com/game.php?id=233953"]
[Date "2007.7.3"]
[Round "1"]
[White "vininb"]
[Black "augustolenzuen"]
[Result "0-1"]
[WhiteElo "1541"]
[BlackElo "1608"]

1. e4 e5 2. Nf3 Nc6 3. Bb5 a6 4. Ba4 Nf6 5. O-O Nxe4 6. c3 d6 7. Re1 Nc5 8. Bc2
Be7 9. d4 exd4 10. Nxd4 Ne5 11. b4 Ne6 12. a4 Nxd4 13. Qxd4 Bf6 14. f4 O-O 15.
fxe5 Bxe5 16. Qd3 g6 17. Bh6 Re8 18. Nd2 Qh4 19. Nf3 Qxh6 20. Nxe5 dxe5 21. Qd5
c6 22. Qf3 f5 23. Bb3+ Be6 24. c4 e4 0-1

[Event "AUTO-INT-513"]
[Site "http://www.queenalice.com/game.php?id=233954"]
[Date "2007.7.3"]
[Round "1"]
[White "augustolenzuen"]
[Black "vininb"]
[Result "0-1"]
[WhiteElo "1622"]
[BlackElo "1679"]

1. d4 d5 2. Nf3 Nc6 3. Nc3 Bf5 4. Bf4 f6 5. Nh4 Bd7 6. Nxd5 e5 7. dxe5 fxe5 8.
Bg3 Nf6 9. f4 exf4 10. Bxf4 Nxd5 11. Qxd5 Qxh4+ 12. g3 Qf6 13. O-O-O Bd6 14. Bg2
O-O-O 15. Rhf1 Bxf4+ 16. Rxf4 Qd6 17. Qb3 Qe6 18. Qd3 Rhe8 19. Bf3 Qxa2 20. Qxh7
Qa1+ 21. Kd2 Qxb2 22. Ke1 Qc3+ 23. Kf1 Bh3+ 24. Qxh3+ Kb8 25. Rxd8+ Rxd8 26. Qf5
a5 27. Qb5 Kc8 28. Rc4 Qf6 29. Kg2 Rd6 30. Bg4+ Kd8 31. Qxb7 Ke8 32. Qc8+ Qd8
33. Qxd8+ Kxd8 34. Bf3 Nd4 35. e3 Nf5 36. Kf2 Ra6 37. e4 Nd6 38. Ra4 Nb5 39. c4
Nd4 40. e5 Ke7 41. Ke3 c5 42. Kf4 g5+ 43. Ke4 Ke6 44. Bg4+ Ke7 45. Kd5 Nc6 46.
Kxc5 Nxe5 47. h3 Nxg4 48. hxg4 Re6 49. Kb5 Kd6 50. c5+ Kc7 51. Rxa5 Re4 52. Ra4
Re6 53. Ra6 Rxa6 54. Kxa6 Kc6 55. Ka7 Kxc5 56. Kb7 Kd5 57. Kc7 Ke4 58. Kd6 Kf3
59. Ke5 Kxg3 60. Kf5 Kh4 61. Kg6 Kxg4 62. Kf6 Kf4 63. Kg6 g4 64. Kh5 g3 65. Kg6
g2 66. Kh5 g1=Q 67. Kh6 Kf5 68. Kh7 Kf6 69. Kh8 Qg7# 0-1

[Event "AUTO-BEG-92"]
[Site "http://www.queenalice.com/game.php?id=236265"]
[Date "2007.7.7"]
[Round "2"]
[White "augustolenzuen"]
[Black "jcpeiro32"]
[Result "0-1"]
[WhiteElo "1621"]
[BlackElo "1886"]

1. d4 Nf6 2. Bf4 d5 3. Nc3 c6 4. Bxb8 Rxb8 5. Nf3 g6 6. e3 Bg7 7. Bd3 Bg4 8. h3
Bxf3 9. gxf3 O-O 10. e4 dxe4 11. Nxe4 Qxd4 12. c3 Qb6 13. Qd2 Rbd8 14. O-O-O Rd7
15. Nxf6+ Bxf6 16. Qc2 Rfd8 17. f4 e6 18. h4 Qa5 19. a3 Qc7 20. f5 Qf4+ 21. Rd2
exf5 22. h5 Bg5 23. hxg6 Qxd2+ 24. Qxd2 Bxd2+ 25. Kxd2 Rxd3+ 26. Kc2 fxg6 27. f4
Rd2+ 28. Kb3 Rf2 0-1

[Event "AUTO-BEG-92"]
[Site "http://www.queenalice.com/game.php?id=236266"]
[Date "2007.7.7"]
[Round "2"]
[White "jcpeiro32"]
[Black "augustolenzuen"]
[Result "1-0"]
[WhiteElo "1878"]
[BlackElo "1616"]

1. e4 e5 2. Nf3 Nc6 3. Bb5 a6 4. Ba4 Nf6 5. d3 Bc5 6. h3 b5 7. Bb3 d6 8. O-O O-O
9. c3 h6 10. Re1 b4 11. a3 bxc3 12. Nxc3 Bd7 13. Qe2 Bd4 14. Bd2 a5 15. Rab1
Bxc3 16. Bxc3 a4 17. Ba2 Nd4 18. Nxd4 exd4 19. Bxd4 c5 20. Bc3 Qe8 21. Bxf6 gxf6
22. Qh5 Be6 23. Qxh6 Bxa2 24. Re3 Qe5 25. Ra1 Be6 26. Rg3+ Qxg3 27. fxg3 f5 28.
exf5 Bxf5 29. Rf1 Bg6 30. h4 Bh7 31. Rf4 f5 32. g4 Rab8 33. g5 Rxb2 34. g6 Bxg6
35. Qxg6+ Kh8 36. Qxd6 Rb5 37. Qxf8+ 1-0

[Event "saraquette"]
[Site "http://www.queenalice.com/game.php?id=240515"]
[Date "2007.7.16"]
[Round "1"]
[White "augustolenzuen"]
[Black "MadScot"]
[Result "0-1"]
[WhiteElo "1612"]
[BlackElo "1805"]

1. d4 d5 2. Bf4 c5 3. e3 cxd4 4. exd4 Nc6 5. Bb5 Nf6 6. Nf3 Qa5+ 7. Nc3 Ne4 8.
O-O Nxc3 9. Bxc6+ bxc6 10. bxc3 Qxc3 11. a4 Bf5 12. Ra2 e6 13. Re1 Be7 14. Bd2
Qc4 15. Qb1 O-O 16. Qb7 Qxa2 17. Qxe7 Qxc2 18. Qh4 Rab8 19. g4 Be4 20. Ng5 Bg6
21. Bf4 Rb1 22. Rxb1 Qxb1+ 23. Kg2 h6 24. Nh3 Qe4+ 25. f3 Qxd4 26. Kg3 c5 27. g5
e5 28. Bc1 Qxh4+ 29. Kxh4 hxg5+ 30. Kxg5 e4 31. f4 d4 32. f5 Bh7 33. Kf4 Re8 34.
Ng5 e3 35. Nf3 f6 36. Ba3 Rc8 37. Nh4 e2 0-1

[Event "AUTO-OPEN-623"]
[Site "http://www.queenalice.com/game.php?id=245032"]
[Date "2007.7.24"]
[Round "2"]
[White "polso"]
[Black "augustolenzuen"]
[Result "1-0"]
[WhiteElo "1615"]
[BlackElo "1616"]

1. d4 d5 2. Nf3 Nf6 3. c4 Bf5 4. Nc3 dxc4 5. e3 e6 6. Bxc4 Bd6 7. Qb3 b6 8. O-O
Nc6 9. Bb5 Qd7 10. Qc4 a6 11. Bxc6 Qxc6 12. Qxc6+ Nd7 13. Qxa8+ 1-0

[Event "AUTO-OPEN-623"]
[Site "http://www.queenalice.com/game.php?id=245036"]
[Date "2007.7.24"]
[Round "2"]
[White "QuickQuickSlow"]
[Black "augustolenzuen"]
[Result "1-0"]
[WhiteElo "2113"]
[BlackElo "1614"]

1. e4 e5 2. Nf3 Nc6 3. Bb5 Nf6 4. d3 a6 5. Ba4 Bb4+ 6. c3 Ba5 7. O-O h6 8. Bxc6
bxc6 9. Nxe5 Bb7 10. Nc4 Bb6 11. Nxb6 cxb6 12. e5 Ng8 13. Qg4 g5 14. Nd2 f6 15.
Ne4 fxe5 16. Qh5+ Ke7 17. Bxg5+ hxg5 18. Qxh8 1-0

[Event "AUTO-OPEN-623"]
[Site "http://www.queenalice.com/game.php?id=245037"]
[Date "2007.7.24"]
[Round "2"]
[White "augustolenzuen"]
[Black "QuickQuickSlow"]
[Result "0-1"]
[WhiteElo "1604"]
[BlackElo "2144"]

1. e4 c5 2. Bc4 e6 3. Nc3 a6 4. d3 b5 5. Bb3 d6 6. Nf3 Nd7 7. Bg5 Ngf6 8. h3 Bb7
9. O-O Be7 10. Re1 O-O 11. e5 dxe5 12. Nxe5 Nxe5 13. Rxe5 Nd7 14. Bxe7 Qxe7 15.
Re3 Rfd8 16. Qg4 Nf6 17. Qh4 Rd4 18. Ne4 Bxe4 19. dxe4 c4 20. c3 Rd2 21. e5 Nd5
22. Qxe7 Nxe7 23. Bd1 Rxb2 24. a4 Nd5 25. Re2 Rxe2 26. Bxe2 Nxc3 27. Bf3 Rb8 28.
axb5 axb5 29. Ra3 Nd5 30. Ra7 b4 31. Bxd5 exd5 32. f4 b3 33. f5 b2 34. e6 b1=Q+
35. Kh2 Qxf5 0-1

[Event "The Augustquette Challenge Tourn"]
[Site "http://www.queenalice.com/game.php?id=282209"]
[Date "2007.10.6"]
[Round "-"]
[White "saraquette"]
[Black "augustolenzuen"]
[Result "1-0"]
[WhiteElo "1806"]
[BlackElo "1566"]

1. d4 d5 2. Nf3 Nf6 3. h3 Bf5 4. Bf4 e6 5. Nh4 h6 6. Nxf5 exf5 7. e3 Bd6 8. Bxd6
Qxd6 9. a3 O-O 10. c4 dxc4 11. Bxc4 Nc6 12. b4 a5 13. b5 Nb4 14. O-O Nbd5 15.
Qb3 a4 16. Qd3 g6 17. Nc3 Nxc3 18. Qxc3 Ne4 19. Qc2 c6 20. bxc6 bxc6 21. Bd3
Rfe8 22. Rfb1 c5 23. dxc5 Nxc5 24. Rd1 Rac8 25. Bxf5 Ne4 26. Rxd6 Rxc2 27. Bxe4
Rxe4 28. Rd4 Rxd4 29. exd4 Rd2 30. Rb1 Rxd4 31. Rb8+ Kg7 32. Ra8 h5 33. Ra5 f5
34. f3 f4 35. h4 Kf6 36. Kh2 Ke6 37. Kh3 Kf6 38. Ra6+ Ke5 39. Ra5+ Kf6 40. Ra6+
Kf5 41. Ra5+ Kf6 42. g4 fxg3 43. Kxg3 Rc4 44. Kh3 Kg7 45. Kg3 Kf6 46. Ra6+ Ke5
47. Rxg6 Rc3 48. Rg5+ Kf6 49. Rxh5 Rxa3 50. Ra5 Ke6 51. h5 Kf6 52. Ra6+ Kg5 53.
Ra5+ Kh6 54. Kg4 Ra1 55. Ra6+ Kh7 56. Kf5 a3 57. f4 a2 58. h6 Kg8 59. Ra7 Kh8
60. Ra6 Kg8 61. Ra7 Kh8 62. Kf6 Kg8 63. h7+ Kh8 64. f5 Rh1 65. Rxa2 Kxh7 66.
Ra7+ Kh6 67. Rg7 Kh5 68. Rh7+ 1-0

[Event "Quettenzuen Duel"]
[Site "http://www.queenalice.com/game.php?id=286726"]
[Date "2007.10.15"]
[Round "-"]
[White "augustolenzuen"]
[Black "saraquette"]
[Result "1-0"]
[WhiteElo "1551"]
[BlackElo "1801"]

1. d4 e6 2. Nf3 b6 3. g3 Bb7 4. Bg2 h6 5. O-O Nf6 6. Nc3 Bb4 7. Bd2 O-O 8. Re1
d6 9. a3 Bxc3 10. Bxc3 Bd5 11. Qd3 Nc6 12. e4 Bxe4 13. Rxe4 Nxe4 14. Qxe4 d5 15.
Qg4 f6 16. Qxe6+ Kh8 17. Qxc6 f5 18. Ne5 Rf6 19. Ng6+ Kh7 20. Qxd5 c6 21. Qxd8
Rxd8 22. Ne7 Rdd6 23. Bxc6 1-0

[Event "phystutordotcom"]
[Site "http://www.queenalice.com/game.php?id=286803"]
[Date "2007.10.15"]
[Round "1"]
[White "tche_elvio"]
[Black "augustolenzuen"]
[Result "1-0"]
[WhiteElo "1500"]
[BlackElo "1577"]

1. e4 e5 2. Bc4 Nf6 3. d4 Nxe4 4. Qf3 Nf6 5. dxe5 b5 6. Bd5 c6 7. exf6 cxd5 8.
Qxd5 Nc6 9. Nf3 Qxf6 10. O-O Be7 11. Qxb5 O-O 12. Bg5 Qg6 13. Bxe7 Nxe7 14. Na3
a6 15. Qd3 f5 16. Nc4 Bb7 17. Nce5 Qe6 18. Rfe1 Be4 19. Qxd7 Qxd7 20. Nxd7 Rfd8
21. Nfe5 Bxc2 22. Nb6 Ra7 23. Nbc4 Nd5 24. Nc6 Rdd7 25. Nxa7 Rxa7 26. Re8+ Kf7
27. Nd6+ 1-0

[Event "vininb"]
[Site "http://www.queenalice.com/game.php?id=289316"]
[Date "2007.10.19"]
[Round "1"]
[White "augustolenzuen"]
[Black "vininb"]
[Result "0-1"]
[WhiteElo "1558"]
[BlackElo "1885"]

1. d4 Nf6 2. Nc3 g6 3. e4 Bg7 4. e5 Ng8 5. Qf3 d6 6. Bc4 e6 7. Nge2 dxe5 8. dxe5
Bxe5 9. Bf4 Bg7 10. O-O Nf6 11. Rad1 Bd7 12. Qxb7 Nc6 13. Bxc7 Qc8 14. Qxc8+
Rxc8 15. Bd6 Ne5 16. Ba6 Rc6 17. Bxe5 Rxa6 18. Rd4 Ra5 19. Bxf6 Bxf6 20. Rd6 Ke7
0-1